000 00427nam a2200145 a 4500
001 000032011
005 20200930063344.0
008 110707s1977 dr 000 0 spa d
040 _aDO-SdBNP
_bspa
_cBNPHU
100 1 _aMorales, Pedro H.
_922565
245 1 0 _aCómo vender mejor /
_cPedro H. Morales.
260 _aSanto Domingo :
_bCentro Interamericano de Mercadotecnia,
_c1977.
300 _a127 p. ;
_c21 cm.
049 _aBNPD
999 _c31502
_d31502